书目信息 |
| 题名: |
公路经营企业财务管理
|
|
| 作者: | 周国光 主编 | |
| 分册: | ||
| 出版信息: | 北京 人民交通出版社 2004.08 |
|
| 页数: | 311页 | |
| 开本: | 20cm | |
| 丛书名: | ||
| 单 册: | ||
| 中图分类: | F540.58 | |
| 科图分类: | 29.6435 | |
| 主题词: | 公路运输--Gong Lu Yun Shu--运输企业--财务管理 | |
| 电子资源: | ||
| ISBN: | 7-114-05157-3 | |
| 000 | 00696nam0 2200229 450 | |
| 001 | CAL 012004106676 | |
| 005 | 20060524161547.75 | |
| 010 | @a7-114-05157-3@dCNY 15.00 | |
| 099 | @aCAL 012004106676 | |
| 100 | @a20041012d2004 em y0chiy0121 ea | |
| 101 | 0 | @achi |
| 102 | @aCN@b110000 | |
| 200 | 1 | @a公路经营企业财务管理@AGong Lu Jing Ying Qi Ye Cai Wu Guan Li@f周国光主编 |
| 210 | @a北京@c人民交通出版社@d2004.08 | |
| 215 | @a311页@c图@d20cm | |
| 320 | @a有书目 (第310-311页) | |
| 606 | 0 | @a公路运输@AGong Lu Yun Shu@x运输企业@x财务管理 |
| 690 | @aF540.58@v4 | |
| 692 | @a29.6435@v3 | |
| 701 | 0 | @a周国光@AZhou Guo Guang@4主编 |
| 801 | 0 | @aCN@bDUTL@c20060524 |
| 905 | @a10447@dF540.58@eZ761 | |
| 公路经营企业财务管理/周国光主编.-北京:人民交通出版社,2004.08 |
| 311页:图;20cm |
| ISBN 7-114-05157-3:CNY 15.00 |
| ● |
| 相关链接 |
|
|
|
正题名:公路经营企业财务管理
索取号:F540.58/Z761
 
预约/预借
| 序号 | 登录号 | 条形码 | 馆藏地/架位号 | 状态 | 备注 |
| 1 | 602801 | 206028010 | 社科库409/409社科库 38排1列4层/ [索取号:F540.58/Z761] | 在馆 | |
| 2 | 602802 | 206028029 | 社科二线422/409社科库 38排1列4层/ [索取号:F540.58/Z761] | 在馆 | |
| 3 | 602803 | 206028038 | 社科二线422/409社科库 38排1列4层/ [索取号:F540.58/Z761] | 在馆 |